| 000 | 00916nam a22002297a 4500 | ||
|---|---|---|---|
| 999 |
_c20581 _d20581 |
||
| 003 | AR-CdUCM | ||
| 008 | 190531b ||||| |||| 00| 0 spa d | ||
| 040 |
_aMUNICIPALIDAD PROVINCIAL DEL CUSCO _cBIBLIOTECA MUNICIPAL DEL CUSCO |
||
| 082 |
_a616.07 / _bK56 |
||
| 100 |
_aKing, Maurice _943022 |
||
| 245 | _aTécnicas de laboratorio para el médico rural / | ||
| 260 |
_aMéxico : _bPax-México, _bCentro regional de ayuda técnica México / Buenos Aires, _c1975. |
||
| 300 | _c27 cm. | ||
| 500 | _aNo contiene numeración de páginas, libro reempastado | ||
| 505 | _aContiene : Equipo y agentes químicos -- Preparación del laboratorio -- Registros y muestras -- Pesos y mediciones... | ||
| 650 |
_aEl microscopio _943023 |
||
| 650 |
_aTransfusiones de sangre _943024 |
||
| 650 |
_aEsterilización _943025 |
||
| 700 |
_aPalazón B, Ramón y Palazón M, Ana Ma _943026 |
||
| 942 |
_2ddc _cLIBROS |
||
| 945 | _aandy | ||